| 000 | 00858nam a22002657a 4500 | ||
|---|---|---|---|
| 001 | 8875 | ||
| 003 | FISKH | ||
| 005 | 20260130085856.0 | ||
| 008 | 251028b cb ||||| |||| 00| 0 eng d | ||
| 020 | _a9781740898348 | ||
| 040 |
_aFISKH _beng _cFISKH _dFISKH |
||
| 050 | _aPZ7 | ||
| 082 | _a590.21 | ||
| 100 |
_aCoupe, Robert _eAuthor |
||
| 245 |
_aIncredible creatures / _cRobert Coupe |
||
| 260 |
_aSydney : _bWeldon Owen , _c2008 |
||
| 300 |
_a32 pages : _bcolor illustrations ; _c23 cm |
||
| 505 | _aR | ||
| 520 | _aAnimals are incredible creatures! They can be hunters or hunted, fast or slow, huge or tiny. They may snap, scoop or slurp their food. Animals can survive almost anywhere on Earth. | ||
| 521 | 8 |
_a750
_bLexile estimate |
|
| 521 | 8 |
_aR
_bRaz-Plus |
|
| 650 |
_aTop Readers _vAnimals |
||
| 942 |
_2ddc _cBK _n0 |
||
| 999 |
_c8875 _d8875 |
||